00767nam a2200205 a 450000100100000000500170001000800410002704000250006804100390009308200130013210000300014524000470017524501450022226000410036730000210040849000160042953400700044570000310051583000150054600002587720200930024123.0110223s1975 ag r 000 0 spa d aDO-SdBNPbspacBNPHU17aspaheng2Código de idiomas MARC ann*bnn*1 aRockerfeller III, John D.14aThe second american revolution.lEspañol13aLa segunda revolución norteamericana :balgunas observaciones personales /cJohn D. Rockefeller III ; traducción de Canio Carmelo Cillo. aBuenos Aires :bTres Tiempos,c1975. a152 p. ;c23 cm.1 aEnsayos.v1 aTítulo de la obra en inglés :tThe second american revolution1 aCarmelo Cillo, Canio,etr. 0aEnsayosv1